Category Elimination - Minecraft Mobs #2 - Statistics

General Stats
  • This quiz has been taken 208 times
  • The average score is 17 of 20
Answer Stats
Group # Category
% Correct
Green 17 Mobs that drop edible items
99%
Green 10 ... Who are not hostile
98%
Green 4 ... Able to be put in a bucket
96%
Orange 25 Hostile mobs not from Nether
96%
Purple 8 Mobs that can fly
94%
Blue 18 Mobs that are neutral
92%
Purple 5 ... That are hostile
92%
Orange 9 ... That can only drop one item
91%
Purple 4 ... Can shoot projectiles
89%
Purple 3 ... That is a nether mob
89%
Green 2 ... Whose drops can't be cooked
85%
Orange 3 ... That are able to fly
84%
Green 1 ... And can damage you Pufferfish
84%
Orange 2 ... Only come out at night
83%
Blue 9 ... At least the size of the player
82%
Blue 4 ... Not from the Overworld
81%
Blue 3 ... From the Nether to be specific
80%
Orange 1 ... And are smaller than the player Phantom
79%
Purple 1 ... That cannot be found naturally Wither
67%
Blue 1 ... And their name has two words Zombie Piglin
53%
No matching quizzes found
Score Distribution
Percent of People with Each Score
Percentile by Number Answered
Your Score History
You have not taken this quiz